| 000 | 00688cam a22002171 4500 | ||
|---|---|---|---|
| 001 | sa 66005765 | ||
| 003 | DLC | ||
| 005 | 20260227112251.0 | ||
| 008 | 870831s1965 ii 000 0 eng | ||
| 010 | _asa 66005765 | ||
| 025 | _aPL480:I-E-5699 | ||
| 035 | _a(OCoLC)16617272 | ||
| 040 |
_aDLC _cWaU _dDLC |
||
| 042 | _apremarc | ||
| 050 | 0 | 0 |
_aPK1933 _b.K27 |
| 100 | 1 |
_aKapoor, Badri Nath, _d1932- |
|
| 245 | 1 | 0 |
_aBasic Hindi (English as medium); _bbasic structure of Hindi based on 555 word-pairs and 27 simple grammatical rules _c[by] Badari Nath Kapoor. |
| 260 |
_aVaranasi, _bHindi Pracharak Pustakalaya _c[1965] |
||
| 300 |
_a108 p. _c25 cm. |
||
| 650 | 0 |
_aHindi language _xGrammar. |
|
| 999 |
_c70149 _d70149 |
||